Statistiche per Riconosci la Provincia dai confini - Quiz n°6

Clicka qui per fare il quiz!

Statistiche generali

  • Questo quiz è stato fatto 8 volte
  • Il punteggio medio è 4 su 10

Statistiche sulle risposte

Province confinantiProvincia% Corretto
Provincia di Ancona
Provincia di Arezzo
Provincia di Perugia
Provincia di Rimini
Provincia di Pesaro e Urbino
86%
Provincia di Benevento
Provincia di Foggia
Città Metropolitana di Napoli
Provincia di Potenza
Provincia di Salerno
Provincia di Avellino
57%
Provincia di Bergamo
Provincia di Brescia
Provincia di Lodi
Città Metropolitana di Milano
Provincia di Parma
Provincia di Piacenza
Provincia di Cremona
57%
Città Metropolitana di Bari
Provincia di Cosenza
Provincia di Potenza
Provincia di Taranto
Provincia di Matera
57%
Provincia di Belluno
Provincia di Treviso
Ente di decentramento regionale di Udine
Città Metropolitana di Venezia
Ente di decentramento regionale di Pordenone
43%
Ente di decentramento regionale di GoriziaEnte di decentramento regionale di Udine
29%
Provincia di Arezzo
Provincia di Forlì-Cesena
Provincia di Pesaro e Urbino
Provincia di Rimini
29%
Provincia di Arezzo
Città Metropolitana di Firenze
Provincia di Grosseto
Provincia di Perugia
Provincia di Pisa
Provincia di Terni
Provincia di Viterbo
Provincia di Siena
29%
Provincia del Sud SardegnaCittà Metropolitana di Caglairi
14%
Provincia dell'Aquila
Provincia di Pescara
Provincia di Teramo
Provincia di Pescara
14%

Distribuzione punteggi

Percentile per numero di risposta

Percentuale di utenti per punteggio

I tuoi punteggi nel tempo

Non hai fatto questo quiz